|
|
|
|
| LEADER |
01020nam a2200277 a 4500 |
| 001 |
11972633 |
| 008 |
091108s1999 ii 000 1 eng d |
| 010 |
|
|
|a 99945618
|
| 020 |
|
|
|a 0670891886
|
| 040 |
|
|
|a DLC
|c DLC
|d DLC
|
| 082 |
0 |
0 |
|a 823/.914
|2 21
|
| 100 |
1 |
|
|a Jha, Radhika.
|
| 245 |
1 |
0 |
|a Smell /
|c Radhika Jha.
|
| 260 |
|
|
|a New Delhi ;
|a New York, USA :
|b Viking,
|c 1999.
|
| 300 |
|
|
|a 290 p. :
|b maps ;
|c 23 cm.
|
| 500 |
|
|
|a Maps on lining paper.
|
| 541 |
1 |
|
|e 00019519
|
| 650 |
|
0 |
|a East Indians
|z France
|v Fiction.
|
| 650 |
|
0 |
|a East Indians
|z Africa
|v Fiction.
|
| 650 |
|
0 |
|a Young women
|v Fiction.
|
| 650 |
|
0 |
|a Smell
|v Fiction.
|
| 651 |
|
0 |
|a Paris (France)
|v Fiction.
|
| 655 |
|
7 |
|a Bildungsromane.
|2 gsafd
|
| 852 |
4 |
|
|a Ayesha Abed Library
|j General Shelf
|
| 999 |
|
|
|c 5294
|d 5294
|
| 952 |
|
|
|0 0
|1 0
|2 ddc
|4 0
|6 823_914000000000000_JHA_1999
|7 0
|9 5143
|a BRACUL
|b BRACUL
|c GEN
|d 2009-11-05
|e Radha Chakroborti
|l 1
|o 823.914 JHA
|p 3010019519
|r 2014-05-14
|s 2013-02-18
|t 1
|w 2009-11-09
|y BK
|x Transferred from ENH to Ayesha Abed library on 20/12/2023
|